Downton Abbey - Questions générales - Statistiques

Statistiques générales
  • Ce quiz a été pris 229 fois
  • Le résultat moyen est 13 sur 15
Statistiques - réponses
Question Réponse % Correct
Qui est le propriétaire de Downton Abbey au début de la série ? Robert Crawley
99%
Quel changement significatif arrive à Downton Abbey après la Première Guerre mondiale ? Une partie de la maison est convertie en hôpital
99%
Quelle est la profession de Daisy Mason ? Cuisinière
98%
Quel est le nom du chien fidèle de Lord Grantham ? Isis
98%
Quel événement historique est le point de départ de la série ? Le naufrage du Titanic
98%
Avec qui Lady Mary Crawley se marie-t-elle en premier ? Matthew Crawley
98%
Quel est le nom du majordome de Downton Abbey ? Carson
97%
En quelle année la série Downton Abbey commence-t-elle ? 1912
96%
Quelle sœur Crawley finit par épouser Bertie Pelham ? Edith
94%
Où se situe le domaine de Downton Abbey ? Dans le Yorkshire
89%
Quelle est la cause de la mort de Sybil Crawley ? Éclampsie
89%
Qui est le père biologique de Marigold, la fille de Lady Edith ? Michael Gregson
85%
Quel bâtiment sert de décor principal pour Downton Abbey ? Highclere Castle
76%
Pourquoi Thomas Barrow tente-t-il de se suicider ? À cause de son orientation sexuelle
75%
Quel est le véritable prénom de Mrs. Patmore, la cuisinière ? Beryl
55%
Aucun quiz correspondant
Distribution des résultats
% des personnes avec chaque résultat
Percentile par nombre de réponses
Votre historique - résultats
Vous n’avez pas pris ce quiz